| 000 | 00533nam a22001937a 4500 | ||
|---|---|---|---|
| 003 | KOHA_MİRAKIL | ||
| 005 | 20250411173101.0 | ||
| 008 | 250411b tu ||||| |||| 00| 0 tur d | ||
| 020 | _a9786053752677 | ||
| 040 |
_aTR-AnABB _btur _cTR-AnABB |
||
| 041 | _atur | ||
| 082 |
_a896.3 _bACH 2013 |
||
| 100 | 1 | _aAchebe, Chinua, | |
| 245 | 1 | 0 |
_aTanrının oku / _cChinua Achebe |
| 260 |
_aİstanbul : _bİthaki Yayınları, _c2013 |
||
| 300 |
_a280 sayfa ; _c22 cm |
||
| 650 | 0 | 4 | _aNijerya edebiyatı, roman |
| 942 |
_2ddc _cBK |
||
| 999 |
_c8662 _d8662 |
||
| 900 | _bGizem YORULMAZ | ||